000 00609nam a2200193Ia 4500
003 GCL
008 140319s9999 xx 000 0 ara d
040 _aGCL /
_cGCL
082 0 4 _a686.282
_bا ت
100 1 _aادريس فرج الله
245 1 0 _aالتشكيل اللونى فى الطباعة /
_cادريس فرج الله
260 _aالقاهرة :
_bالمكتب الجامعى الحديث
300 _a290 ص
650 0 4 _aالطباعة
650 0 4 _aالطباعة البارزة
650 0 4 _aتشكيل الالوان
650 0 4 _aالطباعة الملونة
942 _2ddc
_cBK
999 _c45492
_d45492